El derecho de propiedad : estudio jurídico y económico /
Enregistré dans:
| Auteur principal: | |
|---|---|
| Format: | Livre |
| Langue: | espagnol |
| Publié: |
Madrid, España :
Razón y Fe,
1930, c1930
|
| Édition: | 2a edición |
| Collection: | (Biblioteca Razon y Fe de Cuestiones Actuales ;
12) |
| Sujets: | |
| Tags: |
Pas de tags, Soyez le premier à ajouter un tag!
|
MARC
| LEADER | 00000nam^a2200000^a^4500 | ||
|---|---|---|---|
| 001 | 000380824 | ||
| 005 | 20250521000000.0 | ||
| 009 | 20260310120624.701 | ||
| 037 | |a Acervo Xavier Clavigero | ||
| 041 | |a ESP | ||
| 082 | |a 323. 46 |b AZP | ||
| 100 | |a Azpiazu, Joaquín |e (autor) | ||
| 245 | 1 | 3 | |a El derecho de propiedad : |b estudio jurídico y económico / |c J. Azpiazu. |
| 250 | |a 2a edición | ||
| 264 | 4 | |a Madrid, España : |b Razón y Fe, |c 1930, c1930 | |
| 300 | |a 161 p. | ||
| 336 | |a texto |b txt |2 rdacontenido | ||
| 337 | |a sin mediación |b n |2 rdamedio | ||
| 338 | |a volumen |b nc |2 rdasoporte | ||
| 440 | 1 | |a (Biblioteca Razon y Fe de Cuestiones Actuales ; |v 12) | |
| 561 | |a Ex libris del Centro Cultural y Deportivo Vanguardias, México, D.F. | ||
| 561 | |a Ex libris de Biblioteca CIAS Prov. Mexicana | ||
| 649 | |a XX | ||
| 650 | |a Derecho de Propiedad - |x Tema Principal | ||
| 650 | |a Derechos Reales | ||
| 650 | |a Derecho Patrimonial | ||
| 650 | |a Derecho Civil | ||
| 910 | |a Fondo General | ||
| 920 | |a Impresos - Libros | ||
| 930 | |a Colección General | ||
| 905 | |a 101 | ||
| 901 | |a 053580 |b IT1 |c ACC |u 20250521 | ||
| 902 | |a https://opac.biblio.iteso.mx/vufind/Record/000380824 | ||